Hướng dẫn kiểm soát các mối nguy trong chế biến thuỷ sản /
v...v
Đã lưu trong:
| Tác giả chính: | |
|---|---|
| Định dạng: | Sách |
| Năm xuất bản: |
H:
Nông nghiệp,
1999
|
| Tags: |
Thêm thẻ
Không có thẻ, Hãy là người đầu tiên gắn thẻ bản ghi này!
|
| LEADER | 00652nam a2200145 4500 | ||
|---|---|---|---|
| 082 | |a 664.94 |b H561d | ||
| 100 | |a Nhiều tác giả | ||
| 245 | |a Hướng dẫn kiểm soát các mối nguy trong chế biến thuỷ sản / |c Nhiều tác giả | ||
| 260 | |a H: |b Nông nghiệp, |c 1999 | ||
| 300 | |a 275 tr |c 28 cm | ||
| 520 | |a v...v | ||
| 942 | |2 ddc |c STK0 | ||
| 999 | |c 6419 |d 6419 | ||
| 952 | |0 0 |1 0 |2 ddc |4 0 |6 664_940000000000000_H561D |7 0 |8 600 |9 59437 |a qbu |b qbu |c D3 |d 2015-01-16 |o 664.94 H561d |p 6505.c1 |r 0000-00-00 |w 2015-01-16 |y STK0 | ||
| 952 | |0 0 |1 0 |2 ddc |4 0 |6 664_940000000000000_H561D |7 0 |8 600 |9 59438 |a qbu |b qbu |c D3 |d 2015-01-16 |o 664.94 H561d |p 6505.c2 |r 0000-00-00 |w 2015-01-16 |y STK0 | ||